[Event "Regency Masters 6th"]
[Site "Ramsgate"]
[Date "1984.12.15"]
[Round "8"]
[White "Kosten, Anthony C"]
[Black "Pliester, Leon"]
[Result "0-1"]
[WhiteElo "2420"]
[BlackElo "2335"]
[PlyCount "64"]
[EventDate "1984.12.08"]
[EventType "swiss"]
[EventRounds "9"]
[EventCountry "ENG"]
[SourceTitle "BritBase"]
[Source "John Saunders"]
[SourceDate "2020.09.07"]
[SourceVersion "1"]
[SourceVersionDate "2020.09.07"]
[SourceQuality "2"]

1. e4 e5 2. Nf3 Nc6 3. Bb5 a6 4. Ba4 Nf6 5. d3 b5 6. Bb3 Be7 7. O-O d6 8. a4 b4
9. Nbd2 O-O 10. Nc4 Bg4 11. c3 Rb8 12. Bc2 bxc3 13. bxc3 d5 14. exd5 Nxd5 15.
Bd2 Bf6 16. Qe2 Re8 17. Qe4 Bh5 18. Ne3 Nxe3 19. Bxe3 Nd4 20. Bxd4 exd4 21. Qf4
Rb2 22. g4 Bg6 23. Rac1 Rxc2 24. Rxc2 Bxd3 25. Rd2 g5 26. Qg3 dxc3 27. Rdd1 c2
28. Rd2 Bxf1 29. Rxc2 Qd1 30. Rd2 Qc1 31. h4 Be2+ 32. Kg2 Qf1+ 0-1

[Event "Regency Masters 6th"]
[Site "Ramsgate"]
[Date "1984.12.15"]
[Round "8"]
[White "Kuijf, Marinus"]
[Black "Teichmann, Erik OMC"]
[Result "1/2-1/2"]
[WhiteElo "2335"]
[BlackElo "2285"]
[PlyCount "64"]
[EventDate "1984.12.08"]
[EventType "swiss"]
[EventRounds "9"]
[EventCountry "ENG"]
[SourceTitle "BritBase"]
[Source "John Saunders"]
[SourceDate "2020.09.07"]
[SourceVersion "1"]
[SourceVersionDate "2020.09.07"]
[SourceQuality "2"]

1. e4 e5 2. Nf3 Nc6 3. Bc4 Nf6 4. d3 Be7 5. O-O O-O 6. Re1 d6 7. c3 Nd7 8. d4
Bf6 9. h3 Re8 10. a3 a5 11. Bb5 Ne7 12. dxe5 dxe5 13. Be3 Ng6 14. Nbd2 c6 15.
Bf1 Qc7 16. a4 Be7 17. Bc4 h6 18. Ba2 Bc5 19. Nc4 Rd8 20. Qc1 Bxe3 21. Qxe3
Ndf8 22. Qc5 Be6 23. Nfxe5 Nxe5 24. Qxe5 Qxe5 25. Nxe5 Rd2 26. Bxe6 Nxe6 27.
Nc4 Rc2 28. Ra2 Nc5 29. f3 Rd8 30. e5 Ne6 31. Ne3 Rcd2 32. Nc4 Rc2 1/2-1/2

[Event "Regency Masters 6th"]
[Site "Ramsgate"]
[Date "1984.12.15"]
[Round "8"]
[White "Lengyel, Levente"]
[Black "Ady, Jonathan James"]
[Result "0-1"]
[WhiteElo "2400"]
[BlackElo "2290"]
[PlyCount "66"]
[EventDate "1984.12.08"]
[EventType "swiss"]
[EventRounds "9"]
[EventCountry "ENG"]
[SourceTitle "BritBase"]
[Source "John Saunders"]
[SourceDate "2020.09.07"]
[SourceVersion "1"]
[SourceVersionDate "2020.09.07"]
[SourceQuality "2"]

1. Nf3 Nf6 2. c4 g6 3. Nc3 Bg7 4. e4 d6 5. d4 O-O 6. Be2 e5 7. d5 a5 8. O-O Na6
9. Bg5 h6 10. Bh4 Qe8 11. Nd2 Nh7 12. f3 h5 13. Bf2 Bh6 14. b3 Qe7 15. Kh1 f5
16. exf5 gxf5 17. Qc2 Rf7 18. Rg1 Bd7 19. a3 Kh8 20. b4 axb4 21. axb4 Rg8 22.
Na2 Rfg7 23. c5 Nf6 24. Bxa6 bxa6 25. Nc3 e4 26. Bd4 Bf4 27. g3 Be5 28. Bf2 e3
29. Bxe3 Bxc3 30. Qxc3 Nxd5 31. Qd3 Nxe3 32. Rge1 f4 33. gxf4 Rg2 0-1

[Event "Regency Masters 6th"]
[Site "Ramsgate"]
[Date "1984.12.15"]
[Round "8"]
[White "Menadue, Jeremy FS"]
[Black "Hodgson, Julian M"]
[Result "0-1"]
[WhiteElo "2050"]
[BlackElo "2450"]
[PlyCount "87"]
[EventDate "1984.12.08"]
[EventType "swiss"]
[EventRounds "9"]
[EventCountry "ENG"]
[SourceTitle "BritBase"]
[Source "John Saunders"]
[SourceDate "2020.09.07"]
[SourceVersion "1"]
[SourceVersionDate "2020.09.07"]
[SourceQuality "2"]

1. d4 Nf6 2. c4 c5 3. d5 e6 4. Nc3 exd5 5. cxd5 d6 6. e4 g6 7. f3 Bg7 8. Bg5
O-O 9. Qd2 Re8 10. Nge2 a6 11. a4 Nbd7 12. Ng3 Rb8 13. Be2 Qc7 14. O-O c4 15.
Rfc1 b5 16. axb5 axb5 17. b4 cxb3 18. Nxb5 Qb6+ 19. Be3 Nc5 20. Rab1 b2 21.
Rxb2 Nxd5 22. Nxd6 Bxb2 23. Qxd5 Be6 24. Qxc5 Bxc1 25. Qxb6 Rxb6 26. Bxb6 Rb8
27. Bc5 Rb1 28. Kf2 Bd2 29. Bd3 Ra1 30. e5 Bf4 31. Bd4 Rd1 32. Be3 Bxg3+ 33.
hxg3 Rxd3 34. Ne4 Ra3 35. g4 Ra5 36. Bf4 Kg7 37. Bg5 Bc4 38. Bf6+ Kg8 39. Kg3
Ra2 40. Kf4 Rxg2 41. Kg5 h5 42. Kf4 Kh7 43. gxh5 gxh5 44. Bh4 0-1

[Event "Regency Masters 6th"]
[Site "Ramsgate"]
[Date "1984.12.15"]
[Round "8"]
[White "Nicholson, John G"]
[Black "Hartoch, Robert"]
[Result "1/2-1/2"]
[WhiteElo "2295"]
[BlackElo "2365"]
[PlyCount "123"]
[EventDate "1984.12.08"]
[EventType "swiss"]
[EventRounds "9"]
[EventCountry "ENG"]
[SourceTitle "BritBase"]
[Source "John Saunders"]
[SourceDate "2020.09.07"]
[SourceVersion "1"]
[SourceVersionDate "2020.09.07"]
[SourceQuality "2"]

1. e4 e5 2. Nf3 Nf6 3. Nxe5 d6 4. Nf3 Nxe4 5. d4 d5 6. Bd3 Be7 7. O-O Nc6 8.
Re1 Bg4 9. c4 Nf6 10. cxd5 Nxd5 11. Nc3 O-O 12. h3 Be6 13. Ne4 Nf6 14. Nfg5 h6
15. Nxf6+ Bxf6 16. Nh7 Nxd4 17. Nxf8 Qxf8 18. Bf4 c5 19. Be5 Bxe5 20. Rxe5 Rd8
21. Qh5 Nc6 22. Re3 Rd5 23. Qe2 Qd6 {[Bulletin says Rd5 but this is the only
move which seems to make sense]} 24. Qf1 Rd4 25. a3 Ne5 26. Be2 f5 27. Rc3 f4
28. Rac1 b6 29. Qe1 Bd5 30. Bf1 Be4 31. b4 Qg6 32. Kh2 c4 33. f3 Nd3 34. Bxd3
Bxd3 35. Qe5 Qd6 36. Qxd6 Rxd6 37. Re1 Kf7 38. Kg1 Rd5 39. Kf2 a5 40. bxa5 Rxa5
41. g3 fxg3+ 42. Kxg3 Rb5 43. Kf4 g5+ 44. Ke3 Re5+ 45. Kd2 Rf5 46. Re3 Rb5 47.
Rc1 Rb2+ 48. Kc3 Rh2 49. f4 gxf4 50. Rf3 Ke6 51. Rxf4 Rxh3 52. Re1+ Kd5 53.
Rd4+ Kc6 54. Kb4 Rh2 55. Re6+ Kc7 56. Rg4 Kb7 57. Rg7+ Ka6 58. Ree7 Rb2+ 59.
Kc3 Rc2+ 60. Kb4 Rb2+ 61. Kc3 Rc2+ 62. Kb4 1/2-1/2

[Event "Regency Masters 6th"]
[Site "Ramsgate"]
[Date "1984.12.15"]
[Round "8"]
[White "Robertson, M AUS.."]
[Black "King, Daniel J"]
[Result "0-1"]
[WhiteElo "2050"]
[BlackElo "2435"]
[PlyCount "69"]
[EventDate "1984.12.08"]
[EventType "swiss"]
[EventRounds "9"]
[EventCountry "ENG"]
[SourceTitle "BritBase"]
[Source "John Saunders"]
[SourceDate "2020.09.07"]
[SourceVersion "1"]
[SourceVersionDate "2020.09.07"]
[SourceQuality "2"]

1. e4 c5 2. Nc3 Nc6 3. g3 g6 4. Bg2 Bg7 5. d3 d6 6. Be3 e6 7. Qd2 Rb8 8. Nh3 b5
9. O-O b4 10. Nd1 Qc7 11. c3 Ne5 12. cxb4 Rxb4 13. Rc1 Qb8 14. f4 Ng4 15. e5
Ne7 16. Ng5 Nxe3 17. Qxe3 O-O 18. a3 Nf5 19. Qe1 Rb5 20. g4 Nd4 21. exd6 Qxd6
22. Ne4 Qe7 23. g5 Nf5 24. Kh1 Bd4 25. Rc4 Kg7 26. Rf3 Bb7 27. Rh3 Bd5 28. Rxd4
cxd4 29. a4 Qb4 30. Qe2 Qxa4 31. Nf6 Bxg2+ 32. Kxg2 h5 33. Nf2 h4 34. Qe4 Qc2
35. Rf3 {Bulletin says 38 moves played} 0-1

[Event "Regency Masters 6th"]
[Site "Ramsgate"]
[Date "1984.12.15"]
[Round "8"]
[White "Shamkovich, Leonid"]
[Black "Peelen, Piet"]
[Result "1/2-1/2"]
[WhiteElo "2455"]
[BlackElo "2240"]
[PlyCount "124"]
[EventDate "1984.12.08"]
[EventType "swiss"]
[EventRounds "9"]
[EventCountry "ENG"]
[SourceTitle "BritBase"]
[Source "John Saunders"]
[SourceDate "2020.09.07"]
[SourceVersion "1"]
[SourceVersionDate "2020.09.07"]
[SourceQuality "2"]

1. c4 Nf6 2. Nc3 e5 3. e3 d6 4. d4 Nbd7 5. g3 g6 6. Bg2 Bg7 7. Nge2 O-O 8. O-O
Re8 9. b3 a5 10. Ba3 Nf8 11. dxe5 Rxe5 12. Qd2 Rb8 13. Rad1 Bd7 14. Nf4 Re8 15.
Ncd5 Bg4 16. Nxf6+ Qxf6 17. Nd5 Qd8 18. Rc1 Nd7 19. h3 Bf5 20. Rcd1 a4 21. Bb2
Be6 22. Bxg7 Kxg7 23. Qc3+ Kg8 24. b4 Ne5 25. f4 Nd7 26. e4 Bxd5 27. cxd5 Rc8
28. Rfe1 Qe7 29. a3 Qf6 30. Qxf6 Nxf6 31. e5 Nd7 32. e6 Nb6 33. g4 Kg7 34. f5
gxf5 35. gxf5 Kf6 36. Rd4 Rg8 37. Kh2 Rg5 38. Rh4 h5 39. Rf1 c6 40. Rc1 cxd5
41. Rxc8 Nxc8 42. Bxd5 fxe6 43. Bxe6 Ne7 44. Rf4 Nxf5 45. Bd7 Ke5 46. Rf2 Nd4
47. Rg2 Rxg2+ 48. Kxg2 h4 49. Bxa4 Kf4 50. Kf2 d5 51. Bd1 b6 52. Ba4 Ke4 53.
Be8 Kd3 54. a4 Kc4 55. a5 bxa5 56. bxa5 Kc5 57. Bd7 Nb3 58. a6 Kb6 59. Be6 Kxa6
60. Bxd5 Nd2 61. Ke3 Kb5 62. Kf4 Kc5 1/2-1/2

[Event "Regency Masters 6th"]
[Site "Ramsgate"]
[Date "1984.12.15"]
[Round "8"]
[White "Singh, PK.."]
[Black "Grimberg, Gilbert"]
[Result "1-0"]
[WhiteElo "2260"]
[BlackElo "2225"]
[PlyCount "75"]
[EventDate "1984.12.08"]
[EventType "swiss"]
[EventRounds "9"]
[EventCountry "ENG"]
[SourceTitle "BritBase"]
[Source "John Saunders"]
[SourceDate "2020.09.07"]
[SourceVersion "1"]
[SourceVersionDate "2020.09.07"]
[SourceQuality "2"]

1. e4 c5 2. Nf3 d6 3. d4 cxd4 4. Nxd4 Nf6 5. Nc3 a6 6. f4 Nbd7 7. Bd3 e5 8. Nf3
Be7 9. fxe5 Nxe5 10. Nxe5 dxe5 11. O-O Be6 12. Kh1 b5 13. a4 b4 14. Ne2 h5 15.
Ng1 Qb6 16. a5 Qa7 17. Bg5 Ng4 18. Bxe7 Kxe7 19. Qe1 Qc5 20. Nf3 Rh6 21. Ra4
Rb8 22. Ra1 Rf6 23. h3 Ne3 24. Rf2 Nc4 25. b3 Nxa5 26. Rf1 Nc6 27. Rxa6 Bc8 28.
Ra1 Nd4 29. Qh4 Nxf3 30. Rxf3 Rbb6 31. Raf1 Qc3 32. Qg5 Kf8 33. Bc4 Qd4 34.
Qxh5 Rxf3 35. Rxf3 Qd1+ 36. Kh2 Rf6 37. Qh8+ Ke7 38. Rd3 1-0

[Event "Regency Masters 6th"]
[Site "Ramsgate"]
[Date "1984.12.15"]
[Round "8"]
[White "Wright, Josie H"]
[Black "Josephs, Ian"]
[Result "1-0"]
[WhiteElo "1900"]
[BlackElo "1800"]
[PlyCount "101"]
[EventDate "1984.12.08"]
[EventType "swiss"]
[EventRounds "9"]
[EventCountry "ENG"]
[SourceTitle "BritBase"]
[Source "John Saunders"]
[SourceDate "2020.09.07"]
[SourceVersion "1"]
[SourceVersionDate "2020.09.07"]
[SourceQuality "2"]

1. e4 d5 2. exd5 Nf6 3. c4 c6 4. d4 cxd5 5. Nc3 Nc6 6. a3 dxc4 7. d5 Ne5 8. Qd4
Nd3+ 9. Bxd3 cxd3 10. Qxd3 e6 11. Qb5+ Qd7 12. dxe6 fxe6 13. Nf3 Be7 14. O-O
O-O 15. Qxd7 Bxd7 16. Ne5 Rad8 17. Be3 b6 18. Rad1 Be8 19. Rxd8 Bxd8 20. Re1
Bc7 21. Bd4 Nd7 22. Nc6 e5 23. Nxe5 Nxe5 24. Bxe5 Bxe5 25. Rxe5 Bg6 26. Re7 Rd8
27. Rxa7 Rd2 28. h3 Rxb2 29. Nd5 Bd3 30. Nf4 Bc4 31. Rc7 Ba2 32. Nh5 Rb1+ 33.
Kh2 Rb2 34. Rxg7+ Kh8 35. Rb7 Rxf2 36. Kg3 Rf5 37. Kg4 Rf2 38. Rb8+ Bg8 39. g3
b5 40. Kg5 Rf3 41. Ra8 Rd3 42. Nf6 Rxg3+ 43. Kf4 Rg7 44. Rxg8+ Rxg8 45. Nxg8
Kxg8 46. Ke5 Kf8 47. Kd6 Ke8 48. Kc5 Kd7 49. Kxb5 Kc7 50. Kc5 Kb7 51. Kd4 1-0

[Event "Regency Masters 6th"]
[Site "Ramsgate"]
[Date "1984.12.16"]
[Round "9"]
[White "Croft, Michael"]
[Black "Halpin, Patrick"]
[Result "0-1"]
[WhiteElo "1680"]
[BlackElo "2200"]
[PlyCount "78"]
[EventDate "1984.12.08"]
[EventType "swiss"]
[EventRounds "9"]
[EventCountry "ENG"]
[SourceTitle "BritBase"]
[Source "John Saunders"]
[SourceDate "2020.09.07"]
[SourceVersion "1"]
[SourceVersionDate "2020.09.07"]
[SourceQuality "2"]

1. e4 c5 2. Nf3 d6 3. d4 cxd4 4. Nxd4 Nf6 5. Nc3 a6 6. g3 e5 7. Nde2 Be7 8. Bg2
b5 9. a3 Bb7 10. O-O Nbd7 11. Nd5 Bxd5 12. exd5 Rc8 13. Nc3 O-O 14. Be3 Nb6 15.
Bxb6 Qxb6 16. Qd3 Rc4 17. Rad1 Rfc8 18. Rd2 g6 19. Re1 R8c7 20. h3 Nh5 21. Kf1
f5 22. Rxe5 Bg5 23. Re8+ Kf7 24. Rde2 Be7 25. R8xe7+ Rxe7 26. Rxe7+ Kxe7 27.
Qe2+ Kf8 28. Qe6 Rc7 29. Bf3 Ng7 30. Qf6+ Rf7 31. Qg5 Ne8 32. h4 Qd4 33. h5 Qf6
34. Qd2 g5 35. g4 fxg4 36. Bxg4 Qf4 37. Qe2 Qh2 38. Ke1 Qg1+ 39. Qf1 Qxg4 0-1

[Event "Regency Masters 6th"]
[Site "Ramsgate"]
[Date "1984.12.16"]
[Round "9"]
[White "Cuijpers, Frans Andre"]
[Black "Singh, PK.."]
[Result "1-0"]
[WhiteElo "2365"]
[BlackElo "2260"]
[PlyCount "71"]
[EventDate "1984.12.08"]
[EventType "swiss"]
[EventRounds "9"]
[EventCountry "ENG"]
[SourceTitle "BritBase"]
[Source "John Saunders"]
[SourceDate "2020.09.07"]
[SourceVersion "1"]
[SourceVersionDate "2020.09.07"]
[SourceQuality "2"]

1. e4 c6 2. d4 d5 3. Nc3 dxe4 4. Nxe4 Nf6 5. Nxf6+ exf6 6. g3 Bd6 7. Bg2 O-O 8.
Ne2 Bg4 9. O-O Re8 10. Re1 Qe7 11. Be3 f5 12. Qd2 Nd7 13. Nf4 Qf6 14. h3 Bxf4
15. Bxf4 Bh5 16. c4 h6 17. c5 Qg6 18. Qb4 b6 19. Bd6 bxc5 20. dxc5 Nf6 21. Bxc6
Ne4 22. Bxa8 Rxa8 23. Kg2 Ng5 24. Re3 Kh7 25. Rc1 a5 26. Qb7 Rd8 27. Qb6 Re8
28. Bf4 Re6 29. c6 Nxh3 30. Kxh3 Re4 31. f3 Rxf4 32. gxf4 Bxf3 33. Rxf3 Qg4+
34. Kh2 Qxf3 35. Qd4 g5 36. c7 1-0

[Event "Regency Masters 6th"]
[Site "Ramsgate"]
[Date "1984.12.16"]
[Round "9"]
[White "Delanoy, Arnaud"]
[Black "Kosten, Anthony C"]
[Result "0-1"]
[WhiteElo "2000"]
[BlackElo "2420"]
[PlyCount "117"]
[EventDate "1984.12.08"]
[EventType "swiss"]
[EventRounds "9"]
[EventCountry "ENG"]
[SourceTitle "BritBase"]
[Source "John Saunders"]
[SourceDate "2020.09.07"]
[SourceVersion "1"]
[SourceVersionDate "2020.09.07"]
[SourceQuality "2"]

1. d4 Nf6 2. Nc3 d5 3. Bg5 e6 4. e4 Be7 5. e5 Nfd7 6. Bxe7 Qxe7 7. Nb5 Nb6 8.
c3 a6 9. Na3 O-O 10. Bd3 f6 11. Qh5 g6 12. Qh4 Nc6 13. f4 Na4 14. exf6 Qxf6 15.
Qxf6 Rxf6 16. O-O-O Rxf4 17. Nh3 Rf6 18. Rhf1 Rxf1 19. Bxf1 Bd7 20. Nf4 Nb6 21.
Re1 Rf8 22. g3 g5 23. Nd3 Rf6 24. Nc5 Bc8 25. Nc2 Kf7 26. Bd3 h6 27. Be2 Kg6
28. Bg4 Nd8 29. Nd3 Nd7 30. Ne3 Rf8 31. Bd1 Nf6 32. Ng4 Nxg4 33. Bxg4 Rf6 34.
Ne5+ Kg7 35. Re2 Nf7 36. Nxf7 Kxf7 37. Kc2 Ke7 38. Kb3 Bd7 39. Kb4 b6 40. a4
a5+ 41. Ka3 c5 42. b4 axb4+ 43. cxb4 cxd4 44. a5 bxa5 45. bxa5 Kd6 46. Kb4 Rf8
47. a6 Rb8+ 48. Ka5 Rb5+ 49. Ka4 Rb2+ 50. Ka5 Rxe2 51. Bxe2 Kc7 52. Kb4 Kb6 53.
Bg4 Kxa6 54. Kc5 d3 55. Kd6 Ba4 56. Kxe6 Bb3 57. Kf6 d2 58. h4 gxh4 59. gxh4
0-1

[Event "Regency Masters 6th"]
[Site "Ramsgate"]
[Date "1984.12.16"]
[Round "9"]
[White "Dunnington, Angus J"]
[Black "Bosboom, Manuel"]
[Result "1/2-1/2"]
[WhiteElo "2325"]
[BlackElo "2380"]
[PlyCount "53"]
[EventDate "1984.12.08"]
[EventType "swiss"]
[EventRounds "9"]
[EventCountry "ENG"]
[SourceTitle "BritBase"]
[Source "John Saunders"]
[SourceDate "2020.09.07"]
[SourceVersion "1"]
[SourceVersionDate "2020.09.07"]
[SourceQuality "2"]

1. Nf3 Nf6 2. g3 g6 3. Bg2 Bg7 4. O-O O-O 5. d4 d6 6. c4 Nbd7 7. Nc3 e5 8. e4
c6 9. h3 Qa5 10. d5 cxd5 11. cxd5 b5 12. Nd2 Nc5 13. a3 Qb6 14. Nb3 Na4 15. Be3
Nxc3 16. bxc3 Qa6 17. Kh2 Bd7 18. f4 exf4 19. Rxf4 Nh5 20. Rh4 Rac8 21. Bd4
Rxc3 22. Bxg7 Nxg7 23. Qd2 Rxb3 24. Qh6 Nh5 25. Rxh5 gxh5 26. Qg5+ Kh8 27. Qf6+
1/2-1/2

[Event "Regency Masters 6th"]
[Site "Ramsgate"]
[Date "1984.12.16"]
[Round "9"]
[White "Duxbury, Craig"]
[Black "Menadue, Jeremy FS"]
[Result "1/2-1/2"]
[WhiteElo "1950"]
[BlackElo "2050"]
[PlyCount "32"]
[EventDate "1984.12.08"]
[EventType "swiss"]
[EventRounds "9"]
[EventCountry "ENG"]
[SourceTitle "BritBase"]
[Source "John Saunders"]
[SourceDate "2020.09.07"]
[SourceVersion "1"]
[SourceVersionDate "2020.09.07"]
[SourceQuality "2"]

1. d4 Nf6 2. c4 g6 3. Nc3 Bg7 4. e4 O-O 5. f3 c5 6. d5 d6 7. Bg5 e6 8. Qd2 exd5
9. Nxd5 Be6 10. Ne2 Bxd5 11. cxd5 b5 12. a4 bxa4 13. Nc3 Nbd7 14. Nb5 Qb6 15.
Rxa4 Rfe8 16. Be2 Ne5 1/2-1/2

[Event "Regency Masters 6th"]
[Site "Ramsgate"]
[Date "1984.12.16"]
[Round "9"]
[White "Forintos, Gyozo V"]
[Black "Hebden, Mark L"]
[Result "1-0"]
[WhiteElo "2425"]
[BlackElo "2480"]
[PlyCount "135"]
[EventDate "1984.12.08"]
[EventType "swiss"]
[EventRounds "9"]
[EventCountry "ENG"]
[SourceTitle "BritBase"]
[Source "John Saunders"]
[SourceDate "2020.09.07"]
[SourceVersion "1"]
[SourceVersionDate "2020.09.07"]
[SourceQuality "2"]

1. d4 Nf6 2. c4 g6 3. Nc3 Bg7 4. e4 d6 5. Nge2 O-O 6. Ng3 a6 7. h4 c5 8. d5 e6
9. h5 exd5 10. cxd5 b5 11. Be2 Re8 12. Qc2 Qe7 13. hxg6 fxg6 14. Bg5 b4 15. Nd1
Qe5 16. f4 Qd4 17. Nf2 Nfd7 18. e5 dxe5 19. Rd1 b3 20. Qxb3 c4 21. Qc2 Qe3 22.
Nf1 Qb6 23. Qxc4 Nc5 24. fxe5 Rxe5 25. Be3 Qxb2 26. Qxc5 Re8 27. Nd3 Qxa2 28.
Nc1 Qb1 29. Nd2 Qb2 30. Nd3 Qf6 31. Ne4 Qd8 32. Bg5 Qd7 33. Qc4 Qb5 34. Qxb5
axb5 35. Nd6 Rxe2+ 36. Kxe2 Bg4+ 37. Ke3 Nd7 38. Rb1 Ra2 39. Rhe1 h6 40. Bh4 g5
41. Bf2 Ne5 42. Nxe5 Bxe5 43. Nxb5 Bf4+ 44. Kd4 Rxf2 45. d6 Rd2+ 46. Kc5 Be2
47. d7 Bxb5 48. Re8+ Kf7 49. d8=Q Rxd8 50. Rxd8 Be2 51. Kd4 Kg6 52. Re8 Bg4 53.
Rb6+ Kh5 54. Rh8 Be2 55. Rhxh6+ Kg4 56. Rb2 Bf1 57. Rc6 Kg3 58. Rc3+ Kg4 59.
Rf2 Ba6 60. g3 Bb8 61. Rb2 Ba7+ 62. Ke5 Bf1 63. Rb4+ Kh5 64. Kf5 Be2 65. Rc8
Kh6 66. Kf6 Bd3 67. Rh8+ Bh7 68. Rxh7+ 1-0

[Event "Regency Masters 6th"]
[Site "Ramsgate"]
[Date "1984.12.16"]
[Round "9"]
[White "Gil Capape, Javier"]
[Black "Crawley, Gavin"]
[Result "1-0"]
[WhiteElo "2175"]
[BlackElo "2300"]
[PlyCount "93"]
[EventDate "1984.12.08"]
[EventType "swiss"]
[EventRounds "9"]
[EventCountry "ENG"]
[SourceTitle "BritBase"]
[Source "John Saunders"]
[SourceDate "2020.09.07"]
[SourceVersion "1"]
[SourceVersionDate "2020.09.07"]
[SourceQuality "2"]

1. d4 Nf6 2. c4 c5 3. d5 e6 4. Nc3 exd5 5. cxd5 d6 6. e4 g6 7. f4 Bg7 8. Bb5+
Nfd7 9. Bd3 O-O 10. Nf3 a6 11. a4 Nf6 12. O-O Bg4 13. h3 Bxf3 14. Qxf3 Nbd7 15.
Kh1 Rb8 16. Bd2 Qc7 17. b3 Rfe8 18. Rae1 Kh8 19. Re2 Ng8 20. Rfe1 Qd8 21. Qg3
Qe7 22. Bc4 h5 23. Qd3 Nh6 24. e5 Qh4 25. e6 Nf6 26. exf7 Rxe2 27. Nxe2 Nf5 28.
Rf1 Ng4 29. Be1 Qxe1 30. Rxe1 Nf2+ 31. Kh2 Nxd3 32. Bxd3 Ne3 33. Ng3 Bd4 34.
Bxg6 Rf8 35. Bxh5 Nxd5 36. Re8 Bg7 37. f5 Nf6 38. Bg6 d5 39. Kg1 b5 40. axb5
axb5 41. Kf1 b4 42. Ke2 c4 43. Kd2 Nd7 44. Nh5 Nc5 45. f6 Bh6+ 46. Kd1 Nd7 47.
Bf5 {[a lot of mistakes in the score but this looks right]} 1-0

[Event "Regency Masters 6th"]
[Site "Ramsgate"]
[Date "1984.12.16"]
[Round "9"]
[White "Grimberg, Gilbert"]
[Black "Josephs, Ian"]
[Result "1-0"]
[WhiteElo "2225"]
[BlackElo "1800"]
[PlyCount "86"]
[EventDate "1984.12.08"]
[EventType "swiss"]
[EventRounds "9"]
[EventCountry "ENG"]
[SourceTitle "BritBase"]
[Source "John Saunders"]
[SourceDate "2020.09.07"]
[SourceVersion "1"]
[SourceVersionDate "2020.09.07"]
[SourceQuality "2"]

1. d4 d5 2. Nf3 Nf6 3. c4 e6 4. Bg5 Nbd7 5. e3 c6 6. Nc3 Qa5 7. cxd5 Nxd5 8.
Qd2 Bb4 9. Rc1 Nxc3 10. bxc3 Bd6 11. Bd3 h6 12. Bh4 O-O 13. O-O e5 14. Bb1 exd4
15. exd4 f5 16. Qc2 Nf6 17. Bxf6 Rxf6 18. Rfe1 Be6 19. c4 Raf8 20. Rcd1 c5 21.
d5 Bd7 22. Qb2 Qc7 23. Ne5 Bc8 24. f4 Be7 25. Qe2 Bd6 26. Rd3 b6 27. Re3 Ba6
28. Bd3 Bc8 29. Kh1 a6 30. Qh5 Qb7 31. a4 Qc7 32. h4 Qe7 33. Qf3 Qc7 34. h5 Qb7
35. Ng6 Rxg6 36. hxg6 Bd7 37. Qh5 Qc8 38. g4 Bxa4 39. Re6 Qc7 40. Bxf5 Bd7 41.
Re7 Bxe7 42. Rxe7 Rd8 43. Bxd7 b5 1-0

[Event "Regency Masters 6th"]
[Site "Ramsgate"]
[Date "1984.12.16"]
[Round "9"]
[White "King, Daniel J"]
[Black "Hanreck, Alan E"]
[Result "1-0"]
[WhiteElo "2435"]
[BlackElo "2275"]
[PlyCount "49"]
[EventDate "1984.12.08"]
[EventType "swiss"]
[EventRounds "9"]
[EventCountry "ENG"]
[SourceTitle "BritBase"]
[Source "John Saunders"]
[SourceDate "2020.09.07"]
[SourceVersion "1"]
[SourceVersionDate "2020.09.07"]
[SourceQuality "2"]

1. e4 c5 2. f4 d5 3. Nc3 dxe4 4. Nxe4 Qc7 5. Nf3 Nf6 6. Bb5+ Bd7 7. Bxd7+ Nbxd7
8. d3 e6 9. O-O Be7 10. c4 O-O 11. Qe2 Rae8 12. Bd2 Bd6 13. Nxd6 Qxd6 14. Ne5
Re7 15. Bc3 Ne8 16. Rad1 Nb8 17. d4 f6 18. Nd3 b6 19. dxc5 bxc5 20. b4 Qb6 21.
Nxc5 a5 22. a3 axb4 23. axb4 Nd7 24. Qf2 Nxc5 25. Bd4 1-0

[Event "Regency Masters 6th"]
[Site "Ramsgate"]
[Date "1984.12.16"]
[Round "9"]
[White "Knoppert, Erik GJ"]
[Black "Ravikumar, Vaidyanathan"]
[Result "1-0"]
[WhiteElo "2260"]
[BlackElo "2385"]
[PlyCount "91"]
[EventDate "1984.12.08"]
[EventType "swiss"]
[EventRounds "9"]
[EventCountry "ENG"]
[SourceTitle "BritBase"]
[Source "John Saunders"]
[SourceDate "2020.09.07"]
[SourceVersion "1"]
[SourceVersionDate "2020.09.07"]
[SourceQuality "2"]

1. d4 Nf6 2. Nf3 d5 3. Bf4 g6 4. e3 Bg7 5. Bd3 O-O 6. O-O c5 7. c3 b6 8. Nbd2
Bb7 9. Qe2 Nbd7 10. Rad1 Nh5 11. Bg5 c4 12. Bc2 f5 13. h3 Qe8 14. Bf4 b5 15.
Bh2 a6 16. g4 fxg4 17. hxg4 Nhf6 18. Ne5 Ne4 19. Nxd7 Qxd7 20. f3 Nd6 21. e4
dxe4 22. Nxe4 Nxe4 23. Bxe4 Bxe4 24. Qxe4 e6 25. Kg2 Qd5 26. Rfe1 Rfe8 27. Be5
Qxe4 28. Rxe4 Bf8 29. f4 Kf7 30. Kf3 h6 31. Re2 Bg7 32. Rh1 Bxe5 33. Rxe5 Rh8
34. Rc5 Ra7 35. Ke4 Rh7 36. Rc6 h5 37. Rh4 Kf6 38. d5 Rae7 39. gxh5 Rxh5 40.
Rxh5 gxh5 41. f5 Kg5 42. Rxe6 Rg7 43. d6 h4 44. Rg6+ Rxg6 45. fxg6 Kxg6 46. d7
1-0

[Event "Regency Masters 6th"]
[Site "Ramsgate"]
[Date "1984.12.16"]
[Round "9"]
[White "Littlewood, Paul E"]
[Black "Povah, Nigel Edward"]
[Result "0-1"]
[WhiteElo "2435"]
[BlackElo "2355"]
[PlyCount "126"]
[EventDate "1984.12.08"]
[EventType "swiss"]
[EventRounds "9"]
[EventCountry "ENG"]
[SourceTitle "BritBase"]
[Source "John Saunders"]
[SourceDate "2020.09.07"]
[SourceVersion "1"]
[SourceVersionDate "2020.09.07"]
[SourceQuality "2"]

1. d4 Nf6 2. c4 e6 3. Nf3 c5 4. d5 exd5 5. cxd5 d6 6. Nc3 g6 7. Bf4 a6 8. a4
Bg7 9. e4 Bg4 10. Be2 Bxf3 11. Bxf3 O-O 12. O-O Qe7 13. e5 dxe5 14. d6 Qe6 15.
Bg5 Nbd7 16. Bxb7 Ra7 17. Bf3 Rb8 18. Nd5 Nxd5 19. Bxd5 Qf5 20. Be3 Rxb2 21.
Ra2 Rb4 22. Qc1 e4 23. Rd2 Bd4 24. Bxd4 cxd4 25. Qc6 Ne5 26. Qe8+ Kg7 27. Rc2
Nf3+ 28. gxf3 exf3 29. Bxf3 Qxf3 30. Rc8 Kh6 31. d7 Qg4+ 32. Kh1 Qf3+ 33. Kg1
Qg4+ 34. Kh1 Qxd7 35. Qf8+ Kh5 36. Qxb4 Qxc8 37. Qxd4 Qc6+ 38. f3 Rd7 39. Qf4
Qd6 40. Qg4+ Kh6 41. Re1 Qd2 42. Qh4+ Kg7 43. Qe4 Rd5 44. Re2 Qc1+ 45. Re1 Qc5
46. Qb1 a5 47. Re4 Qc3 48. Qf1 h5 49. Kg2 Rd2+ 50. Re2 Rd4 51. Ra2 Rxa4 52.
Rxa4 Qc2+ 53. Qf2 Qxa4 54. Qb2+ Kh7 55. Qc3 Qa2+ 56. Kg3 a4 57. h4 Qb3 58. Qd4
a3 59. Qf6 a2 60. Kg2 Qe6 61. Qb2 Qa6 62. Qa1 Qa3 63. Kg3 Kg8 0-1